Eye Witness Books : Reptile / (Record no. 523365)
[ view plain ]
| 000 -LEADER | |
|---|---|
| fixed length control field | 00401nam a2200169Ia 4500 |
| 003 - CONTROL NUMBER IDENTIFIER | |
| control field | NUST |
| 005 - DATE AND TIME OF LATEST TRANSACTION | |
| control field | 20230516145437.0 |
| 008 - FIXED-LENGTH DATA ELEMENTS--GENERAL INFORMATION | |
| fixed length control field | 190125s9999 xx 000 0 und d |
| 020 ## - INTERNATIONAL STANDARD BOOK NUMBER | |
| International Standard Book Number | 0679804404 |
| 040 ## - CATALOGING SOURCE | |
| Transcribing agency | DLC |
| 082 ## - DEWEY DECIMAL CLASSIFICATION NUMBER | |
| Classification number | 597.9 |
| Author Mark | MCC |
| 100 ## - MAIN ENTRY--PERSONAL NAME | |
| Personal name | Colin McCarthy |
| 9 (RLIN) | 13567 |
| 245 ## - TITLE STATEMENT | |
| Title | Eye Witness Books : Reptile / |
| 260 ## - PUBLICATION, DISTRIBUTION, ETC. | |
| Name of publisher, distributor, etc. | Stoddart, |
| Place of publication, distribution, etc. | Knopf |
| Date of publication, distribution, etc. | 1990 |
| 300 ## - PHYSICAL DESCRIPTION | |
| Extent | 64 p. : |
| 942 ## - ADDED ENTRY ELEMENTS (KOHA) | |
| Source of classification or shelving scheme | |
| Koha item type | Book |
| Withdrawn status | Lost status | Source of classification or shelving scheme | Damaged status | Not for loan | Permanent Location | Current Location | Date acquired | Total Checkouts | Full call number | Barcode | Checked out | Date last seen | Date last checked out | Price effective from | Koha item type |
|---|---|---|---|---|---|---|---|---|---|---|---|---|---|---|---|
| Central Library (CL) | Central Library (CL) | 02/01/2019 | 1 | 597.9 MCC | NIT-12170 | 05/13/2026 | 04/13/2026 | 04/13/2026 | 02/01/2019 | Book |
